00756 am a2200181 a 450000500170000000800410001702000150005804100080007310000220008124500530010325000110015626000600016730000160022750001100024365300360035365300940038965300910048320231213085118.0100330s1999||||ag a f |||| 001 0 spa d a9500620383 aspa1 aSnell, Richard S. aNeuroanatomía Clínica / cRichard S. Snell. a4a ed. aBuenos Aires: bEditorial Médica Panamericana;c1999. a636 p.bil. aSnell, R. S. (1999). Neuroanatomía clínica. (4a ed.). Buenos Aires : Editorial Médica Panamericana. aEstructura del Sistema Nervioso aPrincipales vías nerviosas que conectan las diferentes estructuras del Sistema Nervioso aMeninges y la irrigación del Encéfalo y el desarrollo del Sistema Nervioso Central